[Event "Memorial Pedro Lezcano 2009 - Cerrado"]
[Site "Gran Canaria ESP"]
[Date "2009.04.05"]
[Round "1.1"]
[White "Strikovic, Aleksa"]
[Black "Barlov, Dragan"]
[Result "1/2-1/2"]
[WhiteElo "2536"]
[BlackElo "2463"]
[PlyCount "20"]
[EventDate "2009.04.05"]
[EventType "tourn"]
[EventRounds "10"]
[EventCountry "ESP"]
[EventCategory "7"]
[Source "lmi"]
[SourceDate "2009.04.05"]

1. c4 e6 2. Nf3 Nf6 3. g3 b6 4. Bg2 Bb7 5. O-O Be7 6. Nc3 O-O 7. d4 Ne4 8. Bd2
Nxc3 9. Bxc3 Be4 10. Qd2 d5 1/2-1/2

[Event "Memorial Pedro Lezcano 2009 - Cerrado"]
[Site "Gran Canaria ESP"]
[Date "2009.04.05"]
[Round "1.2"]
[White "Kurajica, Bojan"]
[Black "Brito Garcia, Alfredo"]
[Result "1-0"]
[WhiteElo "2555"]
[BlackElo "2348"]
[PlyCount "69"]
[EventDate "2009.04.05"]
[EventType "tourn"]
[EventRounds "10"]
[EventCountry "ESP"]
[EventCategory "7"]
[Source "lmi"]
[SourceDate "2009.04.05"]

1. d4 Nf6 2. Nf3 g6 3. g3 b5 4. Qd3 a6 5. a4 c6 6. e4 d5 7. exd5 Nxd5 8. Bg2
Bg7 9. O-O O-O 10. Re1 Ra7 11. Nc3 Bf5 12. Qe2 Nxc3 13. bxc3 Be6 14. Ba3 Re8
15. Bc5 Rb7 16. axb5 axb5 17. Ra8 Bd5 18. Ne5 Bxg2 19. Kxg2 Qd5+ 20. Nf3 Bf6
21. Kg1 Kg7 22. Nd2 e6 23. c4 bxc4 24. Nxc4 Rd8 25. Na5 Rb2 26. Nc4 Rb7 27. c3
Nd7 28. Ra5 Rb5 29. Ne3 Qh5 30. Qxh5 gxh5 31. Rxb5 cxb5 32. Bb4 Nb6 33. Ba5 Rb8
34. Rb1 Nd5 35. c4 1-0

[Event "Memorial Pedro Lezcano 2009 - Cerrado"]
[Site "Gran Canaria ESP"]
[Date "2009.04.05"]
[Round "1.3"]
[White "Vega Gutierrez, Sabrina"]
[Black "Vega Gutierrez, Belinda"]
[Result "1-0"]
[WhiteElo "2334"]
[BlackElo "2236"]
[PlyCount "29"]
[EventDate "2009.04.05"]
[EventType "tourn"]
[EventRounds "10"]
[EventCountry "ESP"]
[EventCategory "7"]
[Source "lmi"]
[SourceDate "2009.04.05"]

1. e4 e5 2. Nf3 Nc6 3. d4 exd4 4. Nxd4 Bc5 5. Nb3 Bb6 6. a4 a6 7. Nc3 Nge7 8.
Bg5 h6 9. Bh4 O-O 10. Nd5 Ba7 11. Be2 d6 12. g4 Be6 13. Qd2 Qd7 14. Nf6+ gxf6
15. Qxh6 1-0

[Event "Memorial Pedro Lezcano 2009 - Cerrado"]
[Site "Gran Canaria ESP"]
[Date "2009.04.05"]
[Round "2.1"]
[White "Barlov, Dragan"]
[Black "Vega Gutierrez, Belinda"]
[Result "1/2-1/2"]
[WhiteElo "2463"]
[BlackElo "2236"]
[PlyCount "22"]
[EventDate "2009.04.05"]
[EventType "tourn"]
[EventRounds "10"]
[EventCountry "ESP"]
[EventCategory "7"]
[Source "lmi"]
[SourceDate "2009.04.05"]

1. d4 d5 2. c4 e6 3. Nc3 Nf6 4. cxd5 exd5 5. Bg5 Be7 6. e3 h6 7. Bh4 O-O 8. Bd3
b6 9. Nf3 Bb7 10. O-O Ne4 11. Bxe7 Qxe7 1/2-1/2

[Event "Memorial Pedro Lezcano 2009 - Cerrado"]
[Site "Gran Canaria ESP"]
[Date "2009.04.05"]
[Round "2.2"]
[White "Brito Garcia, Alfredo"]
[Black "Vega Gutierrez, Sabrina"]
[Result "1/2-1/2"]
[WhiteElo "2348"]
[BlackElo "2334"]
[PlyCount "21"]
[EventDate "2009.04.05"]
[EventType "tourn"]
[EventRounds "10"]
[EventCountry "ESP"]
[EventCategory "7"]
[Source "lmi"]
[SourceDate "2009.04.05"]

1. e4 c5 2. Nf3 e6 3. d4 cxd4 4. Nxd4 Nc6 5. Nxc6 bxc6 6. Bd3 Nf6 7. O-O e5 8.
b3 Bc5 9. Bb2 d6 10. Nc3 Bd4 11. Na4 1/2-1/2

[Event "Memorial Pedro Lezcano 2009 - Cerrado"]
[Site "Gran Canaria ESP"]
[Date "2009.04.05"]
[Round "2.3"]
[White "Strikovic, Aleksa"]
[Black "Kurajica, Bojan"]
[Result "1-0"]
[WhiteElo "2536"]
[BlackElo "2555"]
[PlyCount "72"]
[EventDate "2009.04.05"]
[EventType "tourn"]
[EventRounds "10"]
[EventCountry "ESP"]
[EventCategory "7"]
[Source "lmi"]
[SourceDate "2009.04.05"]

1. c4 e5 2. g3 d6 3. Bg2 Nc6 4. Nc3 g6 5. Rb1 Bg7 6. b4 a6 7. e3 Nge7 8. Nge2
O-O 9. O-O Be6 10. Nd5 b5 11. d3 Rb8 12. Bd2 Qd7 13. a4 Nd8 14. Nec3 c6 15.
Nxe7+ Qxe7 16. axb5 axb5 17. cxb5 cxb5 18. Nd5 Bxd5 19. Bxd5 Ne6 20. Qb3 Nc7
21. Rfc1 Nxd5 22. Qxd5 Qe6 23. e4 Rfc8 24. Rxc8+ Qxc8 25. Rc1 Qd7 26. Rc6 Bf8
27. Kg2 h5 28. h3 Be7 29. Be3 Bf8 30. d4 exd4 31. Bxd4 Re8 32. Rb6 Qe6 33. Qxe6
Rxe6 34. Kf3 d5 35. Rb8 dxe4+ 36. Kf4 f5 1-0

[Event "Memorial Pedro Lezcano 2009 - Cerrado"]
[Site "Gran Canaria ESP"]
[Date "2009.04.06"]
[Round "3.1"]
[White "Kurajica, Bojan"]
[Black "Barlov, Dragan"]
[Result "1/2-1/2"]
[WhiteElo "2555"]
[BlackElo "2463"]
[PlyCount "22"]
[EventDate "2009.04.05"]
[EventType "tourn"]
[EventRounds "10"]
[EventCountry "ESP"]
[EventCategory "7"]
[Source "lmi"]
[SourceDate "2009.04.05"]

1. d4 Nf6 2. e3 e6 3. Nf3 b6 4. c4 Bb7 5. Nc3 Bb4 6. Bd3 O-O 7. O-O Bxc3 8.
bxc3 d6 9. Re1 Ne4 10. Nd2 Nxd2 11. Bxd2 Nd7 1/2-1/2

[Event "Memorial Pedro Lezcano 2009 - Cerrado"]
[Site "Gran Canaria ESP"]
[Date "2009.04.06"]
[Round "3.2"]
[White "Vega Gutierrez, Sabrina"]
[Black "Strikovic, Aleksa"]
[Result "1/2-1/2"]
[WhiteElo "2334"]
[BlackElo "2536"]
[PlyCount "60"]
[EventDate "2009.04.05"]
[EventType "tourn"]
[EventRounds "10"]
[EventCountry "ESP"]
[EventCategory "7"]
[Source "lmi"]
[SourceDate "2009.04.05"]

1. e4 c5 2. Nc3 Nc6 3. g3 g6 4. Bg2 Bg7 5. d3 d6 6. Be3 Rb8 7. Qd2 b5 8. Nge2
Nd4 9. O-O e6 10. Nd1 b4 11. Nc1 Ne7 12. c3 bxc3 13. bxc3 Ndc6 14. Bh6 O-O 15.
Bxg7 Kxg7 16. Ne3 Ba6 17. Ne2 Qd7 18. h4 d5 19. exd5 exd5 20. Nf4 d4 21. Ned5
Nxd5 22. Nxd5 Qd6 23. c4 Bb7 24. Rfe1 Nb4 25. Nf4 Bxg2 26. Kxg2 Rfe8 27. a3 Nc6
28. Rxe8 Rxe8 29. Rb1 Ne5 30. Nd5 h6 1/2-1/2

[Event "Memorial Pedro Lezcano 2009 - Cerrado"]
[Site "Gran Canaria ESP"]
[Date "2009.04.06"]
[Round "3.3"]
[White "Vega Gutierrez, Belinda"]
[Black "Brito Garcia, Alfredo"]
[Result "1-0"]
[WhiteElo "2236"]
[BlackElo "2348"]
[PlyCount "47"]
[EventDate "2009.04.05"]
[EventType "tourn"]
[EventRounds "10"]
[EventCountry "ESP"]
[EventCategory "7"]
[Source "lmi"]
[SourceDate "2009.04.05"]

1. e4 e5 2. Nf3 Nc6 3. Bb5 Nf6 4. O-O Nxe4 5. d4 Nd6 6. Bxc6 dxc6 7. dxe5 Nf5
8. Qxd8+ Kxd8 9. Nc3 Ke8 10. h3 Ne7 11. Rd1 Ng6 12. Ne2 Be7 13. b3 h5 14. Bb2
h4 15. Rd2 Rh5 16. Rad1 Be6 17. c4 f6 18. exf6 Bxf6 19. Bxf6 gxf6 20. Ned4 Bd7
21. Re1+ Kf7 22. Rde2 Rg8 23. Kf1 Ne5 24. Nxe5+ 1-0

[Event "Memorial Pedro Lezcano 2009 - Cerrado"]
[Site "Gran Canaria ESP"]
[Date "2009.04.07"]
[Round "4.1"]
[White "Vega Gutierrez, Sabrina"]
[Black "Barlov, Dragan"]
[Result "1/2-1/2"]
[WhiteElo "2334"]
[BlackElo "2463"]
[PlyCount "24"]
[EventDate "2009.04.05"]
[EventType "tourn"]
[EventRounds "10"]
[EventCountry "ESP"]
[EventCategory "7"]
[Source "lmi"]
[SourceDate "2009.04.05"]

1. e4 c5 2. Nf3 e6 3. d4 cxd4 4. Nxd4 a6 5. Be2 Nf6 6. Nc3 d6 7. O-O Nc6 8. Be3
Be7 9. f4 O-O 10. Kh1 Qc7 11. Qe1 Nxd4 12. Bxd4 b5 1/2-1/2

[Event "Memorial Pedro Lezcano 2009 - Cerrado"]
[Site "Gran Canaria ESP"]
[Date "2009.04.07"]
[Round "4.2"]
[White "Vega Gutierrez, Belinda"]
[Black "Kurajica, Bojan"]
[Result "1/2-1/2"]
[WhiteElo "2236"]
[BlackElo "2555"]
[PlyCount "62"]
[EventDate "2009.04.05"]
[EventType "tourn"]
[EventRounds "10"]
[EventCountry "ESP"]
[EventCategory "7"]
[Source "lmi"]
[SourceDate "2009.04.05"]

1. e4 c5 2. Nf3 e6 3. d4 cxd4 4. Nxd4 Qb6 5. Nb3 Qc7 6. Bd3 Nf6 7. O-O d5 8.
Nc3 dxe4 9. Nxe4 Nbd7 10. Qf3 Nxe4 11. Qxe4 Bd6 12. h3 Ne5 13. Bf4 Nxd3 14.
Bxd6 Qxd6 15. cxd3 O-O 16. Rfc1 Rd8 17. Rc3 Rb8 18. Rac1 Bd7 19. Na5 Qa6 20. b4
b6 21. Nc4 Rbc8 22. a3 Bc6 23. Qh4 f6 24. Ne5 Bd5 25. Qg4 Rxc3 26. Rxc3 Rc8 27.
b5 Qb7 28. Nc6 Kh8 29. Rc2 Qa8 30. Nb4 Rxc2 31. Nxc2 Qc8 1/2-1/2

[Event "Memorial Pedro Lezcano 2009 - Cerrado"]
[Site "Gran Canaria ESP"]
[Date "2009.04.07"]
[Round "4.3"]
[White "Brito Garcia, Alfredo"]
[Black "Strikovic, Aleksa"]
[Result "0-1"]
[WhiteElo "2348"]
[BlackElo "2536"]
[PlyCount "70"]
[EventDate "2009.04.05"]
[EventType "tourn"]
[EventRounds "10"]
[EventCountry "ESP"]
[EventCategory "7"]
[Source "lmi"]
[SourceDate "2009.04.05"]

1. Nf3 c5 2. g3 g6 3. d4 cxd4 4. Nxd4 Bg7 5. Bg2 Nc6 6. e3 Nf6 7. O-O O-O 8. b3
Nxd4 9. exd4 d5 10. c4 Bg4 11. Qd3 dxc4 12. bxc4 e5 13. Bb2 Rc8 14. Na3 exd4
15. Qxd4 Qa5 16. Qc3 Qxc3 17. Bxc3 b6 18. Rac1 Rfd8 19. Rfe1 Be6 20. Nb5 a6 21.
Na3 Nd7 22. Bxg7 Kxg7 23. Bd5 Bxd5 24. cxd5 Rxc1 25. Rxc1 Nf6 26. Rc6 Nxd5 27.
Nc4 b5 28. Ne5 Re8 29. f4 Re6 30. Rc5 Rd6 31. Kf2 Kf6 32. Kf3 Ke6 33. Nc6 f6
34. Nd4+ Kd7 35. Nb3 Nc7 0-1

[Event "Memorial Pedro Lezcano 2009 - Cerrado"]
[Site "Gran Canaria ESP"]
[Date "2009.04.08"]
[Round "5.1"]
[White "Barlov, Dragan"]
[Black "Brito Garcia, Alfredo"]
[Result "1/2-1/2"]
[WhiteElo "2463"]
[BlackElo "2348"]
[PlyCount "20"]
[EventDate "2009.04.05"]
[EventType "tourn"]
[EventRounds "10"]
[EventCountry "ESP"]
[EventCategory "7"]
[Source "lmi"]
[SourceDate "2009.04.05"]

1. d4 Nf6 2. c4 e6 3. Nf3 Bb4+ 4. Bd2 Qe7 5. g3 O-O 6. Bg2 Bxd2+ 7. Nbxd2 d6 8.
O-O e5 9. e4 a5 10. h3 Na6 1/2-1/2

[Event "Memorial Pedro Lezcano 2009 - Cerrado"]
[Site "Gran Canaria ESP"]
[Date "2009.04.08"]
[Round "5.2"]
[White "Strikovic, Aleksa"]
[Black "Vega Gutierrez, Belinda"]
[Result "1-0"]
[WhiteElo "2536"]
[BlackElo "2236"]
[PlyCount "75"]
[EventDate "2009.04.05"]
[EventType "tourn"]
[EventRounds "10"]
[EventCountry "ESP"]
[EventCategory "7"]
[Source "lmi"]
[SourceDate "2009.04.05"]

1. e4 e5 2. Nf3 Nc6 3. Bb5 a6 4. Ba4 Nf6 5. O-O Be7 6. Re1 b5 7. Bb3 d6 8. c3
Na5 9. Bc2 c5 10. d4 Qc7 11. d5 Bg4 12. Nbd2 O-O 13. b3 Nd7 14. h3 Bh5 15. g4
Bg6 16. Nf1 Rad8 17. Ng3 h6 18. Be3 Qc8 19. Qd2 Nf6 20. Nf5 Rfe8 21. N3h4 Bh7
22. Nxe7+ Rxe7 23. Nf5 Bxf5 24. gxf5 Kh7 25. Kh2 Rg8 26. c4 Qc7 27. cxb5 axb5
28. Rac1 b4 29. Rg1 Ree8 30. f3 Nh5 31. Bd3 f6 32. Rg6 Nf4 33. Bxf4 exf4 34.
Rcg1 Nb7 35. Qg2 Nd8 36. e5 dxe5 37. d6 Qa7 38. Bc4 1-0

[Event "Memorial Pedro Lezcano 2009 - Cerrado"]
[Site "Gran Canaria ESP"]
[Date "2009.04.08"]
[Round "5.3"]
[White "Kurajica, Bojan"]
[Black "Vega Gutierrez, Sabrina"]
[Result "1/2-1/2"]
[WhiteElo "2555"]
[BlackElo "2334"]
[PlyCount "66"]
[EventDate "2009.04.05"]
[EventType "tourn"]
[EventRounds "10"]
[EventCountry "ESP"]
[EventCategory "7"]
[Source "lmi"]
[SourceDate "2009.04.05"]

1. d4 Nf6 2. c4 e6 3. Nc3 Bb4 4. Qc2 d5 5. a3 Bxc3+ 6. Qxc3 Ne4 7. Qc2 c5 8.
dxc5 Nc6 9. cxd5 exd5 10. Nf3 Qa5+ 11. Bd2 Nxd2 12. Qxd2 Qxc5 13. Rc1 Qb6 14.
e3 O-O 15. Bd3 h6 16. O-O Bg4 17. Be2 Na5 18. Nd4 Bxe2 19. Qxe2 Nc4 20. Rc2
Rae8 21. Rd1 Re4 22. Nf5 Qe6 23. Qf3 Re8 24. b3 Ne5 25. Qh3 Rg4 26. Nd4 Rxd4
27. Rxd4 Qxh3 28. gxh3 Nf3+ 29. Kf1 Nxd4 30. exd4 Re6 31. Rc8+ Kh7 32. Rc7 Rb6
33. b4 Kg6 1/2-1/2

[Event "Memorial Pedro Lezcano 2009 - Cerrado"]
[Site "Gran Canaria ESP"]
[Date "2009.04.09"]
[Round "6.2"]
[White "Brito Garcia, Alfredo"]
[Black "Kurajica, Bojan"]
[Result "0-1"]
[WhiteElo "2348"]
[BlackElo "2555"]
[PlyCount "58"]
[EventDate "2009.04.05"]
[EventType "tourn"]
[EventRounds "10"]
[EventCountry "ESP"]
[EventCategory "7"]
[Source "lmi"]
[SourceDate "2009.04.05"]

1. e4 c5 2. Nf3 Nc6 3. d4 cxd4 4. c3 dxc3 5. Nxc3 e6 6. Bc4 d6 7. O-O a6 8. Qe2
Nge7 9. Rd1 Ng6 10. Bg5 Qc7 11. Rac1 h6 12. Be3 Be7 13. g3 O-O 14. h4 Qa5 15.
Nd4 Nge5 16. Bb3 Nxd4 17. Bxd4 b5 18. Kh2 Nd7 19. h5 b4 20. Nb1 e5 21. Be3 Nf6
22. f3 Be6 23. Nd2 Nxh5 24. f4 exf4 25. gxf4 Nf6 26. Rg1 Bxb3 27. axb3 Rac8 28.
Rxc8 Rxc8 29. Bd4 Qh5+ 0-1

[Event "Memorial Pedro Lezcano 2009 - Cerrado"]
[Site "Gran Canaria ESP"]
[Date "2009.04.09"]
[Round "7.1"]
[White "Vega Gutierrez, Belinda"]
[Black "Barlov, Dragan"]
[Result "1/2-1/2"]
[WhiteElo "2236"]
[BlackElo "2463"]
[PlyCount "20"]
[EventDate "2009.04.05"]
[EventType "tourn"]
[EventRounds "10"]
[EventCountry "ESP"]
[EventCategory "7"]
[Source "lmi"]
[SourceDate "2009.04.05"]

1. e4 e5 2. Nf3 Nc6 3. Bb5 a6 4. Bxc6 dxc6 5. O-O f6 6. d4 exd4 7. Nxd4 Bd7 8.
Nc3 Bd6 9. Be3 Ne7 10. Qd2 O-O 1/2-1/2

[Event "Memorial Pedro Lezcano 2009 - Cerrado"]
[Site "Gran Canaria ESP"]
[Date "2009.04.09"]
[Round "7.2"]
[White "Vega Gutierrez, Sabrina"]
[Black "Brito Garcia, Alfredo"]
[Result "1/2-1/2"]
[WhiteElo "2334"]
[BlackElo "2348"]
[PlyCount "20"]
[EventDate "2009.04.05"]
[EventType "tourn"]
[EventRounds "10"]
[EventCountry "ESP"]
[EventCategory "7"]
[Source "lmi"]
[SourceDate "2009.04.05"]

1. e4 e5 2. Nf3 Nc6 3. Bb5 Nf6 4. O-O Nxe4 5. d4 Nd6 6. dxe5 Nxb5 7. a4 d5 8.
axb5 Ne7 9. Nc3 h6 10. Be3 b6 1/2-1/2

[Event "Memorial Pedro Lezcano 2009 - Cerrado"]
[Site "Gran Canaria ESP"]
[Date "2009.04.09"]
[Round "7.3"]
[White "Kurajica, Bojan"]
[Black "Strikovic, Aleksa"]
[Result "1-0"]
[WhiteElo "2555"]
[BlackElo "2536"]
[PlyCount "47"]
[EventDate "2009.04.05"]
[EventType "tourn"]
[EventRounds "10"]
[EventCountry "ESP"]
[EventCategory "7"]
[Source "lmi"]
[SourceDate "2009.04.05"]

1. d4 Nf6 2. Nf3 c5 3. c4 cxd4 4. Nxd4 Nc6 5. Nc3 g6 6. Nc2 Bg7 7. e4 O-O 8.
Be2 d6 9. O-O Bd7 10. Be3 Qa5 11. f4 a6 12. c5 Qc7 13. cxd6 exd6 14. Rc1 Rfe8
15. Bf3 Rad8 16. Qd2 b5 17. Bf2 Qb8 18. Rfe1 Bc8 19. Bh4 Be6 20. Ne3 Rc8 21. b3
b4 22. Na4 Na7 23. Rcd1 Bd7 24. e5 1-0

[Event "Memorial Pedro Lezcano 2009 - Cerrado"]
[Site "Gran Canaria ESP"]
[Date "2009.04.10"]
[Round "8.1"]
[White "Barlov, Dragan"]
[Black "Kurajica, Bojan"]
[Result "1/2-1/2"]
[WhiteElo "2463"]
[BlackElo "2555"]
[PlyCount "20"]
[EventDate "2009.04.05"]
[EventType "tourn"]
[EventRounds "10"]
[EventCountry "ESP"]
[EventCategory "7"]
[Source "lmi"]
[SourceDate "2009.04.05"]

1. Nf3 Nf6 2. c4 e6 3. g3 d5 4. cxd5 exd5 5. Bg2 Be7 6. O-O O-O 7. d4 b6 8. Nc3
Bb7 9. Bf4 Na6 10. Rc1 c5 1/2-1/2

[Event "Memorial Pedro Lezcano 2009 - Cerrado"]
[Site "Gran Canaria ESP"]
[Date "2009.04.10"]
[Round "8.2"]
[White "Strikovic, Aleksa"]
[Black "Vega Gutierrez, Sabrina"]
[Result "1/2-1/2"]
[WhiteElo "2536"]
[BlackElo "2334"]
[PlyCount "28"]
[EventDate "2009.04.05"]
[EventType "tourn"]
[EventRounds "10"]
[EventCountry "ESP"]
[EventCategory "7"]
[Source "lmi"]
[SourceDate "2009.04.05"]

1. e4 c5 2. Nf3 Nc6 3. d4 cxd4 4. Nxd4 Nf6 5. Nc3 e5 6. Ndb5 d6 7. Bg5 a6 8.
Bxf6 gxf6 9. Na3 b5 10. Nd5 Bg7 11. c3 f5 12. exf5 Bxf5 13. Nc2 O-O 14. Nce3
Be6 1/2-1/2

[Event "Memorial Pedro Lezcano 2009 - Cerrado"]
[Site "Gran Canaria ESP"]
[Date "2009.04.10"]
[Round "8.3"]
[White "Brito Garcia, Alfredo"]
[Black "Vega Gutierrez, Belinda"]
[Result "1/2-1/2"]
[WhiteElo "2348"]
[BlackElo "2236"]
[PlyCount "25"]
[EventDate "2009.04.05"]
[EventType "tourn"]
[EventRounds "10"]
[EventCountry "ESP"]
[EventCategory "7"]
[Source "lmi"]
[SourceDate "2009.04.05"]

1. e4 e5 2. Nf3 Nc6 3. d4 exd4 4. Nxd4 Bc5 5. Nxc6 Qf6 6. Qf3 dxc6 7. Qxf6 Nxf6
8. f3 Be6 9. Nd2 Nd7 10. Bc4 Bxc4 11. Nxc4 O-O-O 12. Be3 Rhe8 13. O-O-O 1/2-1/2

[Event "Memorial Pedro Lezcano 2009 - Cerrado"]
[Site "Gran Canaria ESP"]
[Date "2009.04.11"]
[Round "9.1"]
[White "Brito Garcia, Alfredo"]
[Black "Barlov, Dragan"]
[Result "1/2-1/2"]
[WhiteElo "2348"]
[BlackElo "2463"]
[PlyCount "20"]
[EventDate "2009.04.05"]
[EventType "tourn"]
[EventRounds "10"]
[EventCountry "ESP"]
[EventCategory "7"]
[Source "lmi"]
[SourceDate "2009.04.05"]

1. e4 e5 2. Nf3 Nf6 3. Nxe5 d6 4. Nc4 Nxe4 5. Nc3 Nxc3 6. dxc3 Nc6 7. Bf4 Be6
8. Qd2 Qd7 9. O-O-O O-O-O 10. Kb1 Kb8 1/2-1/2

[Event "Memorial Pedro Lezcano 2009 - Cerrado"]
[Site "Gran Canaria ESP"]
[Date "2009.04.11"]
[Round "9.2"]
[White "Vega Gutierrez, Belinda"]
[Black "Strikovic, Aleksa"]
[Result "0-1"]
[WhiteElo "2236"]
[BlackElo "2536"]
[PlyCount "62"]
[EventDate "2009.04.05"]
[EventType "tourn"]
[EventRounds "10"]
[EventCountry "ESP"]
[EventCategory "7"]
[Source "lmi"]
[SourceDate "2009.04.05"]

1. e4 d6 2. d4 Nf6 3. Nc3 g6 4. Nf3 Bg7 5. Bc4 c6 6. O-O O-O 7. Re1 d5 8. exd5
cxd5 9. Bd3 Nc6 10. Bf4 Bg4 11. Be2 Ne4 12. Ne5 Nxc3 13. bxc3 Bxe2 14. Rxe2 Rc8
15. Rb1 b6 16. Qe1 e6 17. h3 Nxe5 18. Bxe5 Rc4 19. Rb3 Bh6 20. Qa1 Qd7 21. Qb2
f6 22. Bg3 Rfc8 23. f4 R8c6 24. Re3 e5 25. dxe5 fxe5 26. Rxe5 Bg7 27. Re3 Qf5
28. Kh2 Rxf4 29. Rd3 Rf1 30. Re3 Re6 31. Rd3 Be5 0-1

[Event "Memorial Pedro Lezcano 2009 - Cerrado"]
[Site "Gran Canaria ESP"]
[Date "2009.04.12"]
[Round "10.1"]
[White "Barlov, Dragan"]
[Black "Vega Gutierrez, Sabrina"]
[Result "1/2-1/2"]
[WhiteElo "2463"]
[BlackElo "2334"]
[PlyCount "20"]
[EventDate "2009.04.05"]
[EventType "tourn"]
[EventRounds "10"]
[EventCountry "ESP"]
[EventCategory "7"]
[Source "lmi"]
[SourceDate "2009.04.05"]

1. d4 d5 2. c4 e6 3. Nc3 c6 4. cxd5 exd5 5. Qc2 Bd6 6. Nf3 Ne7 7. e3 Bf5 8. Bd3
Bxd3 9. Qxd3 Nd7 10. O-O O-O 1/2-1/2

[Event "Memorial Pedro Lezcano 2009 - Cerrado"]
[Site "Gran Canaria ESP"]
[Date "2009.04.12"]
[Round "10.3"]
[White "Strikovic, Aleksa"]
[Black "Brito Garcia, Alfredo"]
[Result "0-1"]
[WhiteElo "2536"]
[BlackElo "2348"]
[PlyCount "36"]
[EventDate "2009.04.05"]
[EventType "tourn"]
[EventRounds "10"]
[EventCountry "ESP"]
[EventCategory "7"]
[Source "lmi"]
[SourceDate "2009.04.05"]

1. c4 Nf6 2. Nc3 g6 3. d4 Bg7 4. Bf4 d5 5. e3 O-O 6. Nf3 c5 7. dxc5 Qa5 8. Nd2
dxc4 9. Nxc4 Qxc5 10. Be2 Nc6 11. O-O Rd8 12. Qb3 Be6 13. Qb5 Qxb5 14. Nxb5 Nd5
15. Bg3 Rac8 16. Rfd1 a6 17. Nd4 Nxd4 18. exd4 Nb4 0-1